| 000 | 00815nab a2200253 u 4500 | ||
|---|---|---|---|
| 001 | 18772 | ||
| 003 | HDC | ||
| 007 | cr bn ---aaaaa | ||
| 008 | 210227c20100127xx dr|noo 0 a eng d | ||
| 040 | _aHDC | ||
| 245 | 0 | _aPakistan may start exporting meat to Malaysia | |
| 260 |
_a[No place] : _b[publisher not identified], _c2010 |
||
| 300 | _a1 online resource | ||
| 336 |
_atext _2rdacontent |
||
| 337 |
_acomputer _2rdamedia |
||
| 338 |
_aonline resource _2rdacarrier |
||
| 650 |
_aHalal food _950 |
||
| 650 |
_ahalal meat export _917518 |
||
| 710 | _aDagangHalal.com | ||
| 856 | _zRequest full-text at [email protected] | ||
| 942 | _2lcc | ||
| 942 | _cNEWS | ||
| 942 | _kNWSO 006142 | ||
| 999 |
_c16088 _d16088 |
||